LEADER 02005nam0 2200337 450 001 000040480 005 20150225092517.0 100 $a20150225d--------km-y0itaa50------ba 101 2 $agrc$afre 102 $aFR 200 1 $aCyropédie$fXénophon 210 $aParis$c<> belles lettres 215 $a3 volumi$d20 cm 225 2 $aCollection des universités de France 300 $aTraduzione francese con testo greco a fronte 327 1 $aTome I: livres I et II / texte établi et traduit par Marcel Bizos. - Deuxième tirage. - 1972. - LX, 99 p.$aTome II: livres III-V / texte établi et traduit par Marcel Bizos. - 1973. - 133 p.$aTome III: livres VI-VIII / texte établi et traduit par Édouard Delebecque. - 1978. - 190 p. 410 0$12001$aCollection des universités de France 500 11$aCyropaedia / Xenophon$920290 676 $a920.03$v(22. ed.)$9Raccolte generali di biografie del mondo antico 700 0$aXenophon$f<427/26 ca.- 353 a.C.>$075253 702 1$aBizos,$bMarcel 702 1$aDelebecque,$bÉdouard 801 0$aIT$bUniversità della Basilicata - B.I.A.$gREICAT$2unimarc 912 $a000040480 996 $aCyropaedia$920290 997 $aUNIBAS CAT $aEXT013$b01$c20150225$lBAS01$h0925 FMT Z30 -1$lBAS01$LBAS01$mBOOK$1BASA1$APolo Storico-Umanistico$2GEN$BCollezione generale$3Class/654$615318$5L15318$820150225$b1$f02$FPrestabile Generale$hTome I: livres I et II / texte établi et traduit par Marcel Bizos. - Deuxième tirage. - 1972. - LX, 99 p. Z30 -1$lBAS01$LBAS01$mBOOK$1BASA1$APolo Storico-Umanistico$2GEN$BCollezione generale$3Class/655$615319$5L15319$820150225$b2$f02$FPrestabile Generale$hTome II: livres III-V / texte établi et traduit par Marcel Bizos. - 1973. - 133 p. Z30 -1$lBAS01$LBAS01$mBOOK$1BASA1$APolo Storico-Umanistico$2GEN$BCollezione generale$3Class/656$615320$5L15320$820150225$b3$f02$FPrestabile Generale$hTome III: livres VI-VIII / texte établi et traduit par Édouard Delebecque. - 1978. - 190 p. LEADER 03034nam 2200901 450 001 9910792516403321 005 20230125204953.0 035 $a(CKB)3710000001064280 035 $a(BEP)4810976 035 $a(OCoLC)974017387 035 $a(CaBNVSL)swl00407153 035 $a(CaSebORM)9781631574160 035 $a(MiAaPQ)EBC4810976 035 $a(EXLCZ)993710000001064280 100 $a20170227d2017 fy 0 101 0 $aeng 135 $aurcnu|||||||| 181 $2rdacontent 182 $2rdamedia 183 $2rdacarrier 200 10$aProducing written and oral business reports $eformatting, illustrating, and presenting /$fDorinda Clippinger 205 $aFirst edition. 210 1$aNew York, New York (222 East 46th Street, New York, NY 10017) :$cBusiness Expert Press,$d2017. 215 $a1 online resource (x, 253 pages) $cillustrations 225 1 $aCorporate communication collection,$x 2156-8170 311 $a1-63157-415-9 311 $a1-63157-416-7 320 $aIncludes bibliographical references (pages 235-247) and index. 327 $a1. First draft to final draft -- 2. Formatting reports -- 3. Illustrating reports -- 4. Reporting business research -- 5. Presenting an oral report -- Notes -- References -- Index. 330 3 $aThis book emphasizes efficient, cost-effective methods for producing reports that will do what you, the writer or presenter, want them to do. This book is for you if you are: A business manager or other professional who must convey objective and organized information to others, in and outside your organization. An MBA candidate or an upper-level student in any professional field. 410 0$aCorporate communication collection.$x 2156-8170 606 $aBusiness report writing 608 $aLibros electronicos. 610 $aaccent 610 $abackchannel 610 $abar graph 610 $adata visualization 610 $adeck 610 $adraft 610 $aedit 610 $ae-mail 610 $aformat 610 $aFOWLs (frequently occurring writing lapses) 610 $ainfographics 610 $aletter 610 $aline graph 610 $amanuscript 610 $amaps 610 $amemo 610 $anewsletter 610 $anonverbal 610 $aPDF 610 $aphotos 610 $apie chart 610 $aplanning 610 $apreliminaries 610 $apresentation 610 $aquestion-and-answer 610 $arehearsal 610 $areports 610 $arevise 610 $aslides 610 $atable 610 $ateam 610 $atexting 610 $avisuals 610 $aweb page 610 $awebinar 610 $awriting 615 0$aBusiness report writing. 676 $a808.06665 700 $aClippinger$b Dorinda A.$01502428 801 0$bFINmELB 801 1$bFINmELB 906 $aBOOK 912 $a9910792516403321 996 $aProducing written and oral business reports$93734347 997 $aUNINA LEADER 02886nam 2200493 u 450 001 9910591156903321 005 20221014145954.0 010 $a9789240002760 035 $a(MiAaPQ)EBC31498654 035 $a(Au-PeEL)EBL31498654 035 $a(CKB)24831969800041 035 $a(EXLCZ)9924831969800041 100 $a20220906d2020 uy 0 101 0 $afre 135 $aur||||||||||| 181 $ctxt$2rdacontent 182 $cc$2rdamedia 183 $acr$2rdacarrier 200 10$aManuel de surveillance de la couverture vaccinale contre le papillomavirus humain (?PVH)? /$fOrganisation mondiale de la Santé 205 $a1st ed. 210 1$aGenève :$cOrganisation mondiale de la Santé,$d2020. 215 $a1 ressource en ligne (iv, 40 pages) 311 08$aVersion imprimée : 9789240002777 320 $aContient des références bibliographiques 327 $aIntro -- Préface -- 1. Introduction -- 1.1 Contexte de la vaccination anti-PVH -- 1.2 Surveillance de la couverture vaccinale anti-PVH : objectifs, besoins en données et enjeux -- 1.3 Considérations pour la vaccination en milieu scolaire -- 1.4 Implications de la vaccination anti-PVH de manière continue versus périodique -- 2. Outils pour l'enregistrement et la notification de la vaccination anti-PVH -- 2.1 Types de données et outils de notification requis -- 2.2 Feuilles de pointage -- 2.3 Registres de vaccination -- 2.4 Fiches de vaccination conservées à domicile -- 2.5 Inventaire des stocks et surveillance des pertes -- 2.6 Rapports de synthèse mensuels -- 2.7 Suivi des doses et des personnes perdues de vue -- 3. Surveillance de la couverture vaccinale -- 3.1 Couverture administrative -- 3.2 Enquêtes sur la couverture vaccinale -- 3.3 Suivi des abandons entre le PVH1 et le PVH2 -- 4. Dernières remarques -- Annexe 1 : Collecte des données sur la vaccination anti-PVH avec le formulaire commun OMS/UNICEF de -- Annexe 2 : Utilisation d'un indicateur synthétique de la couverture vaccinale anti-PVH -- Annexe 3 : Estimations de la population cible pour la vaccination anti-PVH. 606 $aPapillomaviridae 606 $aPapillomavirus Vaccines 606 $aNational Health Programs 606 $aPapillomavirus$2idref 606 $aVaccins contre les papillomavirus$2idref 606 $aProgrammes nationaux de santé$2idref 615 2$aPapillomaviridae. 615 2$aPapillomavirus Vaccines. 615 2$aNational Health Programs. 615 7$aPapillomavirus. 615 7$aVaccins contre les papillomavirus. 615 7$aProgrammes nationaux de santé. 712 02$aWorld Health Organization,$4edt 801 2$bBeLU 801 0$bBeLU 801 1$bBeLU 912 $a9910591156903321 996 $aManuel de surveillance de la couverture vaccinale contre le papillomavirus humain (?PVH)?$92910028 997 $aUNINA LEADER 03461oam 2200733I 450 001 9910959707003321 005 20251116232944.0 010 $a1-135-10081-0 010 $a0-203-07274-X 010 $a1-299-28002-1 010 $a1-135-10082-9 024 7 $a10.4324/9780203072745 035 $a(CKB)2560000000099306 035 $a(EBL)1143828 035 $a(OCoLC)830161038 035 $a(SSID)ssj0000833066 035 $a(PQKBManifestationID)11436131 035 $a(PQKBTitleCode)TC0000833066 035 $a(PQKBWorkID)10935660 035 $a(PQKB)10519358 035 $a(MiAaPQ)EBC1143828 035 $a(Au-PeEL)EBL1143828 035 $a(CaPaEBR)ebr10672652 035 $a(CaONFJC)MIL459252 035 $a(OCoLC)847627506 035 $a(OCoLC)847199662 035 $a(FINmELB)ELB134084 035 $a(EXLCZ)992560000000099306 100 $a20180706d2013 uy 0 101 0 $aeng 135 $aur|n|---||||| 181 $ctxt 182 $cc 183 $acr 200 10$aDo funerals matter? $ethe purposes and practices of death rituals in global perspective /$fWilliam G. Hoy 205 $a1st ed. 210 1$aNew York, N.Y. :$cRoutledge,$d2013. 215 $a1 online resource (225 p.) 300 $aDescription based upon print version of record. 311 08$a0-415-66205-2 311 08$a0-415-66204-4 320 $aIncludes bibliographical references and index. 327 $aCover; Do Funerals Matter?: The Purposes and Practices of Death Rituals in Global Perspective; Copyright; Contents; Figures; Foreword; Acknowledgments; Introduction; 1 Funerals-Where We Have Been and Where We Are Going; 2 More Treasured than Words: The Anchor of Significant Symbols; 3 Getting Everybody Together: The Anchor of Gathered Community; 4 Walk Out What You Can't Talk Out: The Anchor of Ritual Action; 5 Looking Back to Look Forward: The Anchor of Cultural Heritage; 6 Taking the Dead to the Party: The Anchor of the Body's Presence; 7 North American Quests to Personalize Funeral Rituals 327 $a8 The Business of Funerals9 Clinical Perspectives on the Value of Funerals; 10 Farther Down the Road: Using Ritual in Grief Counseling; Epilogue; Glossary: What Does that Mean?; References; Index 330 $aDo Funerals Matter? is a creative interweaving of historical, sociocultural, and research-based perspectives on death rituals, drawing from myriad sources to create a picture of what death rituals have been; and where, especially in the Western world, they are going. Death educators, researchers, counselors, clergy, funeral-service professionals, and others will appreciate the book's theory- and research-based approach to the ways in which different cultural groups memorialize their dead. They will also find clear clinical and practical applications in the author's exploration of t 606 $aFuneral rites and ceremonies 606 $aBurial 606 $aHuman remains (Archaeology) 606 $aDeath$xSocial aspects 606 $aGroup identity 615 0$aFuneral rites and ceremonies. 615 0$aBurial. 615 0$aHuman remains (Archaeology) 615 0$aDeath$xSocial aspects. 615 0$aGroup identity. 676 $a393/.9 700 $aHoy$b William G.$01874750 801 0$bMiAaPQ 801 1$bMiAaPQ 801 2$bMiAaPQ 906 $aBOOK 912 $a9910959707003321 996 $aDo funerals matter$94485502 997 $aUNINA